| 000 | 02633nam0a2200373 4500 | ||
|---|---|---|---|
| 001 | RU\NLR\BIBL_A\022564140 | ||
| 005 | 20260420045633.0 | ||
| 010 |
_a978-5-9652-1029-9 _925 |
||
| 021 |
_aRU _bКН-П-25-023064 _9КН-П-25-2320 |
||
| 035 | _a(NLR Aleph) 022564140 | ||
| 090 |
_a13674955 _c13674955 |
||
| 100 | _a20250610d2024 u y0rusy50 ca | ||
| 101 | 0 | _arus | |
| 102 | _aRU | ||
| 105 | _aa j 000yy | ||
| 181 | 0 |
_ai _baxxe |
|
| 182 | 0 | _an | |
| 200 | 1 |
_aДиагностика и лечение черепно-мозговой травмы у детей _eучебно-методическое пособие _eпо дисциплине "Детская хирургия" для обучающихся по специальности 31.05.02 "Педиатрия" и предназначено для освоения компетенций ОПК-5, ОПК-6, ОПК-7, ПК-5, ПК-6, ПК-8, ПК-9, ПК-10, ПК-11 дисциплины "Детская хирургия" _fд.м.н., профессор А. И. Перепелкин, врач-нейрохирург, к.м.н. Ю. М. Цупиков, доцент О. И. Вербин [и др.] _gФедеральное государственное бюджетное образовательное учреждение высшего образования "Волгоградский государственный медицинский университет" Министерства здравоохранения Российской Федерации |
|
| 203 |
_aТекст _bвизуальный _cнепосредственный |
||
| 210 |
_aВолгоград _cИзд-во ВолгГМУ _d2024 |
||
| 215 |
_a59 с. _cил., табл. _d20 |
||
| 300 | _aАвт. указаны на обороте тит. с. | ||
| 320 | _aБиблиогр.: с. 58-59 (13 назв.) | ||
| 606 | 1 |
_aЧерепно-мозговые травмы детей _jУчебно-методические пособия для высших учебных заведений _92297251 _3RU\NLR\AUTH\661375520 |
|
| 686 | 1 | _aР733.638.77я73 | |
| 701 | 1 |
_7ca _8rus _aПерепелкин _bА. И. _f1966- _gАндрей Иванович _914269 _3RU\NLR\AUTH\7731259 |
|
| 701 | 1 |
_aЦупиков _bЮ. М. _gЮрий Михайлович |
|
| 701 | 1 |
_aВербин _bО. И. _gОлег Иванович |
|
| 712 | 0 | 2 |
_4475 _aВолгоградский государственный медицинский университет _9625337 _3RU\NLR\AUTH\8810061921 |
| 942 | _cBOOK | ||
| 980 | _aNB | ||